[Event "MCR_O191"]
[Site "?"]
[Date "2004.??.??"]
[Round "?"]
[White "Petricek, Jiri"]
[Black "Cvak, Rudolf"]
[Result "0-1"]
[WhiteElo "1800"]
[BlackElo "1920"]
[PlyCount "20"]
[EventDate "2004.??.??"]
[EventType "corr"]
[EventRounds "2"]
[SourceDate "2005.03.12"]

1. e4 e6 2. d4 d5 3. Nc3 Bb4 4. Qd3 dxe4 5. Qg3 Nc6 6. Be3 Nce7 7. Nge2 Nf5 8.
Qe5 a6 9. O-O-O Nxe3 10. fxe3 Nf6 {Petricek vystoupil z turnaje} 0-1

[Event "MCR_O191"]
[Site "?"]
[Date "2004.??.??"]
[Round "?"]
[White "Cvak, Rudolf"]
[Black "Lanca, Leo"]
[Result "1-0"]
[WhiteElo "1920"]
[BlackElo "1800"]
[PlyCount "39"]
[EventDate "2004.??.??"]
[EventType "corr"]
[EventRounds "2"]
[SourceDate "2005.03.12"]

1. e4 Nc6 2. d4 d5 3. e5 Be6 4. Nf3 f6 5. c3 fxe5 6. Nxe5 a6 7. Nxc6 bxc6 8.
Bd3 Nf6 9. O-O g6 10. Re1 Bf7 11. Nd2 Qd6 12. Nb3 a5 13. Qf3 Nh5 14. Nc5 Ra7
15. Ba6 Qd8 16. Bg5 Qa8 17. g4 Ng7 18. Qf6 Qd8 19. Qxc6+ Qd7 20. Qxd7# 1-0

[Event "MCR_O191"]
[Site "?"]
[Date "2004.??.??"]
[Round "?"]
[White "Cvak, Rudolf"]
[Black "Lucan, Zdenko"]
[Result "1-0"]
[WhiteElo "1920"]
[BlackElo "1800"]
[PlyCount "33"]
[EventDate "2004.??.??"]
[EventType "corr"]
[EventRounds "2"]
[SourceDate "2005.03.12"]

1. e4 e6 2. d4 d5 3. e5 Ne7 4. Nf3 Nf5 5. c3 Be7 6. Bd3 h6 7. Nbd2 O-O 8. h4
Nxh4 9. Nxh4 Bxh4 10. Qg4 Bg5 11. f4 Be7 12. Rxh6 Bg5 13. fxg5 f5 14. gxf6 Qd7
15. Qg6 Rf7 16. Qh7+ Kf8 17. Qh8# 1-0

[Event "MCR_O191"]
[Site "?"]
[Date "2004.??.??"]
[Round "?"]
[White "Petricek, Jiri"]
[Black "Lanca, Leo"]
[Result "0-1"]
[WhiteElo "1800"]
[BlackElo "1800"]
[PlyCount "22"]
[EventDate "2004.??.??"]
[EventType "corr"]
[EventRounds "2"]
[SourceDate "2005.03.12"]

1. e4 e5 2. Nf3 Nc6 3. Bb5 a6 4. Ba4 Nf6 5. O-O Nxe4 6. Re1 Nf6 7. Nxe5 Be7 8.
d4 O-O 9. Bg5 Re8 10. Nxf7 Kxf7 11. Bb3+ d5 {Petricek vystoupil z turnaje} 0-1

[Event "MCR_O191"]
[Site "?"]
[Date "2004.??.??"]
[Round "?"]
[White "Kudr, Roman"]
[Black "Lanca, Leo"]
[Result "1-0"]
[WhiteElo "1853"]
[BlackElo "1800"]
[PlyCount "27"]
[EventDate "2004.??.??"]
[EventType "corr"]
[EventRounds "2"]
[SourceDate "2005.03.12"]

1. e4 e5 2. Nf3 Nc6 3. d4 exd4 4. Bc4 Bc5 5. c3 d3 6. O-O h6 7. b4 Bb6 8. b5
Na5 9. Bxf7+ Kf8 10. Bh5 d6 11. Ne5 dxe5 12. Ba3+ Ne7 13. Qf3+ Kg8 14. Qf7+ 1-0

[Event "MCR_O191"]
[Site "?"]
[Date "2004.??.??"]
[Round "?"]
[White "Lanca, Leo"]
[Black "Cvak, Rudolf"]
[Result "0-1"]
[WhiteElo "1800"]
[BlackElo "1920"]
[PlyCount "44"]
[EventDate "2004.??.??"]
[EventType "corr"]
[EventRounds "2"]
[SourceDate "2005.03.12"]

1. e4 c5 2. Nf3 Nc6 3. d4 cxd4 4. Nxd4 Nf6 5. Nc3 e5 6. Ndb5 d6 7. Bg5 a6 8.
Na3 b5 9. Nd5 Be7 10. Nxe7 Nxe7 11. Bd3 d5 12. Bxf6 gxf6 13. O-O Bb7 14. Qg4
Rg8 15. Qf3 b4 16. Nb1 f5 17. exf5 e4 18. Qh5 exd3 19. cxd3 d4 20. f3 Nd5 21.
Re1+ Ne3 22. Nd2 Rxg2+ 0-1

[Event "MCR_O191"]
[Site "?"]
[Date "2004.??.??"]
[Round "?"]
[White "Lucan, Zdenko"]
[Black "Cvak, Rudolf"]
[Result "0-1"]
[WhiteElo "1800"]
[BlackElo "1920"]
[PlyCount "46"]
[EventDate "2004.??.??"]
[EventType "corr"]
[EventRounds "2"]
[SourceDate "2005.03.12"]

1. e4 c5 2. c3 Nf6 3. c4 Nxe4 4. d3 Nf6 5. Bg5 d5 6. Bxf6 exf6 7. cxd5 Qxd5 8.
Nc3 Qd7 9. Nf3 Nc6 10. Be2 Be7 11. O-O O-O 12. a3 Rd8 13. Ne1 Qc7 14. g3 Be6
15. Ng2 Nd4 16. Nf4 Bb3 17. Qd2 Bd6 18. a4 Qc6 19. f3 Re8 20. Bd1 Bxd1 21. Qxd1
Bxf4 22. gxf4 Re3 23. Nd5 Qxd5 0-1

[Event "MCR_O191"]
[Site "?"]
[Date "2004.??.??"]
[Round "?"]
[White "Pressl, Ladislav"]
[Black "Cvak, Rudolf"]
[Result "0-1"]
[WhiteElo "1952"]
[BlackElo "1920"]
[PlyCount "46"]
[EventDate "2004.??.??"]
[EventType "corr"]
[EventRounds "2"]
[SourceDate "2005.03.12"]

1. e4 c5 2. Nf3 Nc6 3. d4 cxd4 4. Nxd4 Nf6 5. Nc3 e5 6. Ndb5 d6 7. Bg5 a6 8.
Na3 b5 9. Bxf6 gxf6 10. Nd5 f5 11. Bxb5 axb5 12. Nxb5 Rb8 13. Nbc7+ Kd7 14. Qh5
Nd4 15. Qxf7+ Kc6 16. Rb1 Bh6 17. c3 Nc2+ 18. Ke2 fxe4 19. Rhd1 Bg4+ 20. f3 Rf8
21. Ne6 Rxf7 22. Nxd8+ Rxd8 23. fxg4 Rdf8 0-1

[Event "MCR_O191"]
[Site "?"]
[Date "2004.??.??"]
[Round "?"]
[White "Cvak, Rudolf"]
[Black "Krizek, Martin"]
[Result "1-0"]
[WhiteElo "1920"]
[BlackElo "1800"]
[PlyCount "23"]
[EventDate "2004.??.??"]
[EventType "corr"]
[EventRounds "2"]
[SourceDate "2005.03.12"]

1. e4 c5 2. Nf3 d6 3. d4 cxd4 4. Nxd4 Nf6 5. Nc3 g6 6. Be3 Bg7 7. f3 O-O 8. Qd2
Nc6 9. Bc4 Bd7 10. O-O-O Ne5 11. Bb3 Rc8 12. h4 1-0

[Event "MCR_O191"]
[Site "?"]
[Date "2004.??.??"]
[Round "?"]
[White "Krizek, Martin"]
[Black "Lanca, Leo"]
[Result "0-1"]
[WhiteElo "1800"]
[BlackElo "1800"]
[PlyCount "20"]
[EventDate "2004.??.??"]
[EventType "corr"]
[EventRounds "2"]
[SourceDate "2005.03.12"]

1. e4 e5 2. Nf3 Nc6 3. Bb5 a6 4. Ba4 Nf6 5. O-O Nxe4 6. Re1 Nf6 7. Nxe5 Be7 8.
d3 Nxe5 9. Rxe5 O-O 10. d4 Ng4 0-1

[Event "MCR_O191"]
[Site "?"]
[Date "2004.??.??"]
[Round "?"]
[White "Pressl, Ladislav"]
[Black "Kudr, Roman"]
[Result "1/2-1/2"]
[WhiteElo "1952"]
[BlackElo "1853"]
[PlyCount "49"]
[EventDate "2004.??.??"]
[EventType "corr"]
[EventRounds "2"]
[SourceDate "2005.03.12"]

1. d4 d5 2. c4 e6 3. Nc3 Nf6 4. Bg5 Be7 5. e3 O-O 6. Nf3 h6 7. Bh4 Ne4 8. Bxe7
Qxe7 9. Qc2 Nxc3 10. Qxc3 dxc4 11. Bxc4 c5 12. dxc5 Qxc5 13. Rc1 Nc6 14. O-O
Rd8 15. Rfd1 Rxd1+ 16. Rxd1 b5 17. Bd3 Qxc3 18. bxc3 Rb8 19. Be4 Bb7 20. Rd7
Na5 21. Nd2 Kf8 22. Bxb7 Rxb7 23. Rxb7 Nxb7 24. c4 bxc4 25. Nxc4 1/2-1/2

[Event "MCR_O191"]
[Site "?"]
[Date "2004.??.??"]
[Round "?"]
[White "Lanca, Leo"]
[Black "Lucan, Zdenko"]
[Result "1/2-1/2"]
[WhiteElo "1800"]
[BlackElo "1800"]
[PlyCount "42"]
[EventDate "2004.??.??"]
[EventType "corr"]
[EventRounds "2"]
[SourceDate "2005.03.12"]

1. b3 e5 2. e4 Nf6 3. Bb2 Nc6 4. d3 Bc5 5. Be2 O-O 6. Nf3 Ng4 7. d4 exd4 8.
Nxd4 d6 9. h3 Nge5 10. O-O Nxd4 11. Bxd4 Bxd4 12. Qxd4 c5 13. Qd5 Qf6 14. Nd2
Rb8 15. Nc4 Nxc4 16. Bxc4 b6 17. f3 Be6 18. Qxd6 Rbd8 19. Qc7 Qd4+ 20. Kh1 Bxc4
21. bxc4 Qxc4 1/2-1/2

[Event "MCR_O191"]
[Site "?"]
[Date "2004.??.??"]
[Round "?"]
[White "Kudr, Roman"]
[Black "Pressl, Ladislav"]
[Result "1-0"]
[WhiteElo "1853"]
[BlackElo "1952"]
[PlyCount "41"]
[EventDate "2004.??.??"]
[EventType "corr"]
[EventRounds "2"]
[SourceDate "2005.03.12"]

1. e4 c6 2. d4 d5 3. Nc3 dxe4 4. Nxe4 Bf5 5. Ng3 Bg6 6. Nf3 Nf6 7. c3 e6 8. Qb3
Qc7 9. Bf4 Qc8 10. h4 h6 11. Ne5 Bh7 12. Nc4 Be7 13. Nd6+ Bxd6 14. Bxd6 Qd7 15.
Be5 Rg8 16. Bxf6 gxf6 17. Nh5 Rg6 18. g4 Qe7 19. Bd3 f5 20. gxf5 exf5+ 21. Kd2
1-0

[Event "MCR_O191"]
[Site "?"]
[Date "2004.??.??"]
[Round "?"]
[White "Kudr, Roman"]
[Black "Lucan, Zdenko"]
[Result "1-0"]
[WhiteElo "1853"]
[BlackElo "1800"]
[PlyCount "41"]
[EventDate "2004.??.??"]
[EventType "corr"]
[EventRounds "2"]
[SourceDate "2005.03.12"]

1. e4 e5 2. Nf3 Nc6 3. d4 exd4 4. Bc4 Nf6 5. O-O Be7 6. Nxd4 Nxd4 7. Qxd4 c5 8.
Qd3 O-O 9. Nc3 d6 10. Bf4 Be6 11. Rad1 Bxc4 12. Qxc4 Qc8 13. Bxd6 Bxd6 14. Rxd6
b6 15. e5 Qc7 16. Nb5 Qe7 17. exf6 gxf6 18. Qg4+ Kh8 19. Rd7 Rg8 20. Qxg8+ Kxg8
21. Rxe7 1-0

[Event "MCR_O191"]
[Site "?"]
[Date "2004.??.??"]
[Round "?"]
[White "Cvak, Rudolf"]
[Black "Pressl, Ladislav"]
[Result "1-0"]
[WhiteElo "1920"]
[BlackElo "1952"]
[PlyCount "51"]
[EventDate "2004.??.??"]
[EventType "corr"]
[EventRounds "2"]
[SourceDate "2005.03.12"]

1. e4 c6 2. d4 d5 3. e5 Bf5 4. Nc3 e6 5. g4 Bg6 6. Nge2 c5 7. h4 h6 8. Be3 Be7
9. Nf4 Bh7 10. Bb5+ Nc6 11. dxc5 Bxh4 12. Nh5 Kf8 13. Bxc6 bxc6 14. Qd2 Qe7 15.
O-O-O Bg6 16. Nf4 Bh7 17. Ng2 g5 18. Nxh4 gxh4 19. Ne2 Be4 20. Rh3 Bg2 21. Rh2
Bf3 22. Rg1 Rc8 23. Nd4 Be4 24. f3 Bg6 25. f4 Qd7 26. f5 1-0

[Event "MCR_O191"]
[Site "?"]
[Date "2004.??.??"]
[Round "?"]
[White "Pressl, Ladislav"]
[Black "Lanca, Leo"]
[Result "1-0"]
[WhiteElo "1952"]
[BlackElo "1800"]
[PlyCount "43"]
[EventDate "2004.??.??"]
[EventType "corr"]
[EventRounds "2"]
[SourceDate "2005.03.12"]

1. e4 e5 2. Nf3 Nc6 3. Bb5 a6 4. Ba4 Nf6 5. O-O Bc5 6. c3 d6 7. d4 b5 8. dxc5
bxa4 9. Qxa4 Bd7 10. cxd6 cxd6 11. Bg5 O-O 12. Qd1 Be6 13. Bxf6 gxf6 14. Qd3
Kh8 15. Rd1 Bg4 16. Kh1 Rg8 17. Na3 Qc8 18. Qxd6 Bxf3 19. Qxf6+ Rg7 20. Qxf3
Qe6 21. Nc2 Rag8 22. Ne3 1-0

[Event "MCR_O191"]
[Site "?"]
[Date "2004.??.??"]
[Round "?"]
[White "Cvak, Rudolf"]
[Black "Kudr, Roman"]
[Result "1/2-1/2"]
[WhiteElo "1920"]
[BlackElo "1853"]
[PlyCount "55"]
[EventDate "2004.??.??"]
[EventType "corr"]
[EventRounds "2"]
[SourceDate "2005.03.12"]

1. e4 c5 2. Nf3 Nc6 3. Bc4 e6 4. Nc3 Nf6 5. d3 d6 6. O-O Be7 7. Bb5 Bd7 8. Re1
a6 9. Bxc6 Bxc6 10. e5 Nd7 11. exd6 Bxd6 12. Ne4 Bxe4 13. Rxe4 O-O 14. Bg5 Be7
15. Bd2 Qb6 16. Bc3 Bf6 17. Qd2 Bxc3 18. Qxc3 Nf6 19. Rh4 Qd6 20. Re1 b5 21.
Re5 Nd5 22. Qd2 Ne7 23. Rg4 Ng6 24. Re1 Rac8 25. a4 Rfe8 26. h4 Ne7 27. h5 Nf5
28. h6 1/2-1/2

[Event "MCR_O191"]
[Site "?"]
[Date "2004.??.??"]
[Round "?"]
[White "Lucan, Zdenko"]
[Black "Kudr, Roman"]
[Result "0-1"]
[WhiteElo "1800"]
[BlackElo "1853"]
[PlyCount "60"]
[EventDate "2004.??.??"]
[EventType "corr"]
[EventRounds "2"]
[SourceDate "2005.03.12"]

1. b3 e5 2. Bb2 d6 3. e3 Nf6 4. Be2 Be7 5. Nf3 e4 6. Nd4 a6 7. c4 c5 8. Nc2 d5
9. cxd5 Qxd5 10. Bc4 Qg5 11. O-O Bh3 12. g3 Bxf1 13. Qxf1 Nbd7 14. Nc3 Rd8 15.
Qg2 Qg6 16. Nd5 Nxd5 17. Bxd5 Nf6 18. Bxb7 Rxd2 19. Bxf6 Qxf6 20. Rc1 Qb2 21.
Bc6+ Kf8 22. Qf1 Rxc2 23. Rb1 Qf6 24. Bxe4 Rxa2 25. Bd5 g6 26. e4 Kg7 27. Rd1
Rd8 28. f4 Qb2 29. Qh3 Qf2+ 30. Kh1 Qf3+ 0-1

[Event "MCR_O191"]
[Site "?"]
[Date "2004.??.??"]
[Round "?"]
[White "Lanca, Leo"]
[Black "Kudr, Roman"]
[Result "0-1"]
[WhiteElo "1800"]
[BlackElo "1853"]
[PlyCount "60"]
[EventDate "2004.??.??"]
[EventType "corr"]
[EventRounds "2"]
[SourceDate "2005.03.12"]

1. d4 d5 2. c4 e6 3. Nc3 Nf6 4. Bg5 Be7 5. e3 O-O 6. Rc1 c6 7. Bxf6 Bxf6 8.
cxd5 exd5 9. Bd3 Re8 10. Qf3 Bxd4 11. Nge2 Be5 12. O-O Qh4 13. g3 Qb4 14. Rc2
Bg4 15. Qg2 Nd7 16. f3 Bh5 17. g4 Bg6 18. f4 Bxd3 19. a3 Qb6 20. Rcc1 Bxc3 21.
bxc3 Qxe3+ 22. Qf2 Bxe2 23. Qxe3 Rxe3 24. Rf2 Bxg4 25. Rff1 Rae8 26. Kf2 Nc5
27. Rc2 Nd3+ 28. Kg1 Bh3 29. Rcc1 Re2 30. Rfe1 Rxe1+ 0-1

[Event "MCR_O191"]
[Site "?"]
[Date "2004.??.??"]
[Round "?"]
[White "Kudr, Roman"]
[Black "Cvak, Rudolf"]
[Result "1/2-1/2"]
[WhiteElo "1853"]
[BlackElo "1920"]
[PlyCount "80"]
[EventDate "2004.??.??"]
[EventType "corr"]
[EventRounds "2"]
[SourceDate "2005.03.12"]

1. e4 c6 2. d4 d5 3. Nc3 dxe4 4. Nxe4 Nf6 5. Nxf6+ gxf6 6. c3 Bf5 7. Qb3 Qc7 8.
Be3 Nd7 9. Nf3 e6 10. h3 h5 11. O-O-O O-O-O 12. Be2 h4 13. Rhe1 Kb8 14. Bf1 Be4
15. Nd2 Bg6 16. Nc4 Ka8 17. Bd2 c5 18. Be3 cxd4 19. Rxd4 Bc5 20. Rdd1 Be4 21.
f3 Bg6 22. Rd2 Bxe3 23. Nxe3 Nc5 24. Rxd8+ Rxd8 25. Qb4 Qg3 26. Rd1 Rxd1+ 27.
Kxd1 Nd7 28. Qe7 Nb8 29. Qd8 Bb1 30. a3 Ba2 31. Qd2 Bb3+ 32. Kc1 f5 33. Bc4 Ba4
34. b3 Bc6 35. Kb2 Qh2 36. Qf2 Qf4 37. Nc2 Qg5 38. Bf1 f4 39. Nb4 e5 40. Bd3
Be8 1/2-1/2

[Event "MCR_O191"]
[Site "?"]
[Date "2004.??.??"]
[Round "?"]
[White "Pressl, Ladislav"]
[Black "Lucan, Zdenko"]
[Result "1-0"]
[WhiteElo "1952"]
[BlackElo "1800"]
[PlyCount "84"]
[EventDate "2004.??.??"]
[EventType "corr"]
[EventRounds "2"]
[SourceDate "2005.03.12"]

1. e4 e5 2. Nf3 Nc6 3. Bc4 Bc5 4. d3 Nf6 5. Nc3 Nd4 6. Bg5 Nxf3+ 7. Qxf3 Be7 8.
O-O-O O-O 9. h3 c6 10. d4 exd4 11. Rxd4 c5 12. Rdd1 a6 13. Bf4 Qb6 14. e5 Ne8
15. Nd5 Qd8 16. Rhe1 Bg5 17. Bxg5 Qxg5+ 18. Kb1 b5 19. Ne7+ Qxe7 20. Qxa8 Nc7
21. Qb8 Ne6 22. Bxe6 dxe6 23. Qd6 Qxd6 24. exd6 Bd7 25. Re5 c4 26. Rc5 a5 27.
a4 Rb8 28. axb5 Kf8 29. Ka2 Ke8 30. Rxc4 Rxb5 31. b3 e5 32. Rc7 Kd8 33. Ra7 Rc5
34. Kb2 f6 35. Ra8+ Rc8 36. Rxc8+ Kxc8 37. c4 Kb7 38. Kc3 Kb6 39. b4 axb4+ 40.
Kxb4 Kc6 41. c5 h6 42. h4 g6 1-0

[Event "MCR_O191"]
[Site "?"]
[Date "2004.??.??"]
[Round "?"]
[White "Lucan, Zdenko"]
[Black "Pressl, Ladislav"]
[Result "0-1"]
[WhiteElo "1800"]
[BlackElo "1952"]
[PlyCount "78"]
[EventDate "2004.??.??"]
[EventType "corr"]
[EventRounds "2"]
[SourceDate "2005.03.12"]

1. Nc3 d5 2. e4 d4 3. Nce2 c5 4. d3 e5 5. Ng3 b5 6. Nf3 Nc6 7. a3 Bb7 8. Be2
Nf6 9. Bg5 Be7 10. Nf5 O-O 11. Nxe7+ Qxe7 12. O-O h6 13. Bxf6 Qxf6 14. Nd2 Qd6
15. Qb1 a6 16. b3 f6 17. Qb2 Ne7 18. c3 dxc3 19. Qxc3 Rfd8 20. Rfd1 Rac8 21.
Nf1 Qd4 22. Qxd4 cxd4 23. b4 Rc2 24. Rd2 Rdc8 25. Rxc2 Rxc2 26. Bd1 Rc3 27. a4
Nd5 28. axb5 axb5 29. Rb1 Kf8 30. Be2 g6 31. f3 Ke7 32. Kf2 Bc8 33. Nd2 Ra3 34.
h4 Ra2 35. Nf1 Be6 36. g3 Ra4 37. Bd1 Rxb4 38. Rxb4 Nxb4 39. Ke2 Nxd3 0-1

[Event "MCR_O191"]
[Site "?"]
[Date "2004.??.??"]
[Round "?"]
[White "Lucan, Zdenko"]
[Black "Lanca, Leo"]
[Result "1-0"]
[WhiteElo "1800"]
[BlackElo "1800"]
[PlyCount "31"]
[EventDate "2004.??.??"]
[EventType "corr"]
[EventRounds "2"]
[SourceDate "2005.03.12"]

1. Nc3 d5 2. e4 dxe4 3. Nxe4 e5 4. Nf3 Nc6 5. Bb5 Bd7 6. d3 h6 7. O-O Qe7 8.
Be3 Na5 9. Bxd7+ Kxd7 10. Bc5 Qe6 11. Bxf8 b6 12. Bxg7 Rh7 13. Bxe5 Kc8 14. Bc3
Nc6 15. Re1 Qg4 16. Nh4 1-0

[Event "MCR_O191"]
[Site "?"]
[Date "2004.??.??"]
[Round "?"]
[White "Lanca, Leo"]
[Black "Pressl, Ladislav"]
[Result "0-1"]
[WhiteElo "1800"]
[BlackElo "1952"]
[PlyCount "130"]
[EventDate "2004.??.??"]
[EventType "corr"]
[EventRounds "2"]
[SourceDate "2005.03.12"]

1. e4 c5 2. Nf3 Nc6 3. d4 cxd4 4. Nxd4 Nf6 5. Nc3 d6 6. Be2 a6 7. O-O g6 8. Qd3
Bg7 9. Re1 O-O 10. Bf3 e5 11. Nxc6 bxc6 12. Bd2 Rb8 13. b3 Qe7 14. Na4 Rd8 15.
Ba5 Re8 16. Nb6 Bb7 17. Rad1 Bf8 18. Bb4 Qc7 19. Bxd6 Qxb6 20. Bxb8 Rxb8 21.
Qd2 Bg7 22. Re3 c5 23. Qe2 Re8 24. g4 Rd8 25. Rxd8+ Qxd8 26. Rd3 Qb6 27. Qe3 a5
28. g5 Ne8 29. Qd2 Bc6 30. Bg4 Bf8 31. Qe3 Be7 32. h4 Nc7 33. Kh2 f6 34. f4
exf4 35. Qxf4 fxg5 36. hxg5 Bb5 37. Rf3 Be8 38. Bd7 Qd6 39. Bxe8 Qxf4+ 40. Rxf4
Nxe8 41. Rg4 Kf7 42. Kg3 Bd6+ 43. Kh4 Ke6 44. e5 Kxe5 45. Ra4 Bc7 46. Rc4 Kd5
47. Rc3 Nd6 48. Rd3+ Ke5 49. Rf3 Nf5+ 50. Kg4 Ke4 51. Rc3 Ne3+ 52. Kh4 Bd6 53.
Rd3 Bf4 54. Rc3 Nf5+ 55. Kg4 Ne3+ 56. Kh4 Bd6 57. Rd3 Bf4 58. Rc3 Nf5+ 59. Kg4
h6 60. gxh6 Nxh6+ 61. Kh3 Be3 62. a3 Kd4 63. Rxe3 Kxe3 64. c3 Nf7 65. Kg4 Ne5+
0-1